Computational gasdynamics (Record no. 79640)

MARC details
000 -LEADER
fixed length control field 01217nam a2200193 a 4500
008 - FIXED-LENGTH DATA ELEMENTS--GENERAL INFORMATION
fixed length control field 190709s1998 ||||||||||||||||| || u
020 ## - INTERNATIONAL STANDARD BOOK NUMBER
International Standard Book Number 9780521625586
050 ## - LIBRARY OF CONGRESS CALL NUMBER
Classification number QA 930 Lan
100 ## - MAIN ENTRY--PERSONAL NAME
Personal name Laney, Culbert B
245 10 - TITLE STATEMENT
Title Computational gasdynamics
Statement of responsibility, etc. By Culbert B. Laney
260 ## - PUBLICATION, DISTRIBUTION, ETC.
Place of publication, distribution, etc. Cambridge
Name of publisher, distributor, etc. Cambridege University Press
Date of publication, distribution, etc. 1998
300 ## - PHYSICAL DESCRIPTION
Extent xiv, 613 pages
650 ## - SUBJECT ADDED ENTRY--TOPICAL TERM
Topical term or geographic name entry element GAS DYNAMICS--MATHEMATICAL MODELS
995 ## -
-- SHORT LOAN BOOKS
-- 750093
-- CBU-MAIN LIBRARY (Kitwe)
-- 41.13
-- QA 930 Lan
-- 5
-- AVAILABLE
-- Nov 25, 2019
-- 750093
-- Short Loan Collection
995 ## -
-- MAIN LIBRARY OPEN ACCESS
-- 72.49
-- 749383
-- CBU-MAIN LIBRARY (Kitwe)
-- QA 930 Lan
-- 2
-- AVAILABLE
-- Jul 10, 2019
-- 749383
-- Main Library Open Access Collection
995 ## -
-- MAIN LIBRARY OPEN ACCESS
-- 72.49
-- 749386
-- CBU-MAIN LIBRARY (Kitwe)
-- QA 930 Lan
-- 1
-- AVAILABLE
-- Jul 10, 2019
-- 749386
-- Main Library Open Access Collection
995 ## -
-- MAIN LIBRARY OPEN ACCESS
-- 72.49
-- 749384
-- CBU-MAIN LIBRARY (Kitwe)
-- QA 930 Lan
-- 4
-- AVAILABLE
-- Jul 10, 2019
-- 749384
-- Main Library Open Access Collection
995 ## -
-- MAIN LIBRARY OPEN ACCESS
-- 72.49
-- 749385
-- CBU-MAIN LIBRARY (Kitwe)
-- QA 930 Lan
-- 3
-- AVAILABLE
-- Jul 10, 2019
-- 749385
-- Main Library Open Access Collection
999 ## -
-- 79640
-- 79640
Holdings
Withdrawn status Lost status Source of classification or shelving scheme Damaged status Not for loan Permanent Location Current Location Shelving location Date acquired Total Checkouts Full call number Barcode Date last seen Copy number Price effective from Koha item type
          CBU-MAIN LIBRARY, KITWE. CBU-MAIN LIBRARY, KITWE.   06/29/2023   QA 930 Lan 750093 06/29/2023 1 06/29/2023 SHORT LOAN COLLECTION
          CBU-MAIN LIBRARY, KITWE. CBU-MAIN LIBRARY, KITWE.   06/29/2023   QA 930 Lan 749383 06/29/2023 2 06/29/2023 MONOGRAPH
          CBU-MAIN LIBRARY, KITWE. CBU-MAIN LIBRARY, KITWE.   06/29/2023   QA 930 Lan 749386 06/29/2023 3 06/29/2023 MONOGRAPH
          CBU-MAIN LIBRARY, KITWE. CBU-MAIN LIBRARY, KITWE.   06/29/2023   QA 930 Lan 749384 06/29/2023 4 06/29/2023 MONOGRAPH
          CBU-MAIN LIBRARY, KITWE. CBU-MAIN LIBRARY, KITWE.   06/29/2023   QA 930 Lan 749385 06/29/2023 5 06/29/2023 MONOGRAPH